漸進曲
| 資料類型: | 圖書 | 書目號: | 47786 |
Leader xxxxxxxxxx 001 __ PCLIS00047786 005 __ 20211110093947.0 009 __ |a(CIP)103008813 010 0_ |a978-986-272-597-9|b精裝|dNT$260 100 __ |a20141210d2014 m y0chiy09 e 101 0_ |achi 102 __ |atw 105 __ |ay z 000ay 200 1_ |a漸進曲|dSeason of life|zeng|f藤井樹(吳子雲)著 205 __ |a初版 210 __ |a臺北市|c商周出版|c家庭傳媒城邦分公司發行|d2014[民103] 215 0_ |a281面|d22公分|e1 CD 225 1_ |a網路小說|v233 314 __ |a著者本名為吳子雲 510 1_ |aSeason of life|zeng 681 __ |a857.7|b8453 700 _0 |a藤井樹|f1976- |4著 801 _0 |atw|b內湖高中|c20141210|gCCR |